| 000 | 00454nam a2200169Ia 4500 | ||
|---|---|---|---|
| 003 | GCL | ||
| 008 | 140319s9999 xx 000 0 eng d | ||
| 040 |
_aGCL / _cGCL |
||
| 082 | 0 | 4 |
_a769.952 _bM J |
| 100 | 1 | _aMUNSTERBERY, HUGO | |
| 245 | 1 | 0 |
_aTHE JAPANESE PRINT: A HISTORICAL GUIDE / _cMUNSTERBERY, HUGO |
| 260 |
_a[S.N] : _bWEATHERHILL ، _c1988 |
||
| 300 | _a220 PP | ||
| 650 | 0 | 4 | _aPRINTING JAPANESE |
| 650 | 0 | 4 | _aCOLOUR, JAPANESE |
| 942 |
_2ddc _cBK |
||
| 999 |
_c19170 _d19170 |
||